Countries that Border 2 or Less Other Countries- Sudden Death - Statistics

General Stats
  • This quiz has been taken 17 times
  • The average score is 58 of 84
Answer Stats
# Answer % Correct
1 Dominican Republic
94%
1 Ireland
94%
0 Japan
94%
1 San Marino
94%
0 Bahamas
88%
0 Barbados
88%
0 Cuba
88%
0 Dominica
88%
1 Haiti
88%
0 Iceland
88%
1 Lesotho
88%
0 Saint Kitts and Nevis
88%
0 Saint Vincent and the Grenadines
88%
0 Samoa
88%
1 Vatican City
88%
0 Antigua and Barbuda
81%
0 Australia
81%
0 Comoros
81%
1 Denmark
81%
0 Jamaica
81%
0 Maldives
81%
0 New Zealand
81%
0 Palau
81%
1 Portugal
81%
0 Saint Lucia
81%
0 Seychelles
81%
0 Taiwan
81%
1 United Kingdom
81%
0 Vanuatu
81%
2 Andorra
75%
1 Canada
75%
0 Cape Verde
75%
0 Cyprus
75%
0 Federated States of Micronesia
75%
0 Fiji
75%
0 Kiribati
75%
0 Madagascar
75%
0 Malta
75%
0 Marshall Islands
75%
1 Monaco
75%
0 Nauru
75%
1 Papua New Guinea
75%
0 São Tomé and Principe
75%
0 Solomon Islands
75%
0 Sri Lanka
75%
2 Sweden
75%
1 Timor-Leste
75%
0 Trinidad and Tobago
75%
2 United States of America
75%
0 Bahrain
69%
1 Eswatini
69%
0 Mauritius
69%
1 Qatar
69%
1 South Korea
69%
1 Brunei
63%
2 Costa Rica
63%
2 Estonia
63%
2 Panama
63%
0 Tonga
63%
0 Tuvalu
63%
2 United Arab Emirates
63%
2 Yemen
63%
2 Bangladesh
56%
0 Grenada
56%
2 Kuwait
56%
2 Liechtenstein
56%
0 Philippines
56%
0 Singapore
56%
2 Bhutan
50%
1 Gambia
50%
2 Nepal
50%
2 Uruguay
50%
2 Belize
44%
2 Ecuador
44%
2 Moldova
44%
2 Mongolia
44%
2 Tunisia
44%
2 Equatorial Guinea
38%
2 Netherlands
38%
2 Lebanon
31%
2 Nicaragua
31%
2 El Salvador
25%
2 Sierra Leone
25%
2 Guinea-Bissau
19%
No matching quizzes found
Score Distribution
Percent of People with Each Score
Percentile by Number Answered
Your Score History
You have not taken this quiz